000 00501nam a2200157 i 4500
001 51990
003 ES-MaACL
005 20230906162502.0
007 t|
008 201022s1880 sp ||||1| spa d
110 2 _aUniversidad Literaria de Granada.
_9153703
245 1 0 _aMemoria acerca del estado de la Universidad Literaria de Granada... curso 1878 a 1879.
260 _aGranada :
_b[s.n.],
_c1880.
610 2 4 _aUniversidad Literaria de Granada-
_vMemorias.
_9153704
852 _aES-MaACL
_jT-393-F-5
999 _c51990
_d51990